|
|
|
|
| LEADER |
00000nab a2200000 a 4500 |
| 001 |
vtls010257515 |
| 003 |
SK-MaSNL |
| 005 |
20260304213417.0 |
| 008 |
25050701c2008 xo o |||||||||||||||slol |
| 015 |
|
|
|a SNBRB2008/11
|
| 035 |
|
|
|a SVKKK000092661
|
| 035 |
|
|
|a urn:nbn:sk:snk-ab2wfc
|
| 035 |
|
|
|a (urnnbn)urn:nbn:sk:snk:ar-a03165
|
| 035 |
|
|
|a (uuid)1d808292-c4e6-4f77-a09d-12c6c87975dc
|
| 038 |
|
|
|a SVKKK
|
| 040 |
|
|
|a SNKBUCL
|b slo
|c SNKBUCL
|e AACR2
|
| 041 |
0 |
|
|a slo
|
| 044 |
|
|
|a xo
|c SK
|
| 080 |
|
|
|a 551.4.035
|x (234.372)
|2 1997
|
| 100 |
1 |
|
|a Fričovský, Branislav
|4 aut
|9 372838
|
| 245 |
1 |
0 |
|a Míľniky geologických dejín Vysokých Tatier
|n 1
|c Branislav Fričovský ; Ivan Bohuš
|
| 300 |
|
|
|b Fotogr.
|
| 650 |
0 |
7 |
|a pohoria
|2 snkbucl
|9 44054
|
| 650 |
0 |
7 |
|a varínske vrásnenie
|2 snkbucl
|9 1546323
|
| 650 |
0 |
7 |
|a geomorfológia
|2 snkbucl
|9 22491
|
| 651 |
|
7 |
|a Vysoké Tatry (Poľsko a Slovensko : pohorie)
|2 snkbucl
|9 67729
|
| 700 |
1 |
|
|a Bohuš, Ivan,
|d 1957-
|4 pht
|9 80008
|
| 773 |
0 |
|
|t Krásy Slovenska
|g Roč. 85, č. 9-10 (2008), s. 70-71
|x 0323-0643
|
| 850 |
|
|
|a Slovenská národná knižnica
|
| 852 |
|
|
|a Slovenská národná knižnica
|
| 954 |
|
|
|a odborná, vedecká literatúra pôvodná (slovenská)
|2 lita
|
| 958 |
|
|
|a article27
|
| 958 |
|
|
|a OND
|
| 958 |
|
|
|a EUIPO
|
| 999 |
|
|
|c 3135813
|d 3137743
|